000 00962nam a2200253Ia 4500
003 OSt
005 20200709133025.0
008 191128s1993 ck ad gr 000 0 spa d
020 _a9586640051
040 _aCO-JMCR
_cCO-JMCR
041 0 _aspa
082 0 4 _a330.986 /
_bB213p1
_223
110 1 _aColombia. Banco de la República
_94817
245 1 0 _aPrincipales indicadores económicos :
_b1923-1992 /
_cBanco de la República
260 _aBogotá :
_bBanco de la República,
_c1993.
300 _a199 páginas :
_bgráficos a blanco y negro ;
_c28 cm.
505 0 _aEstadísticas monetarias -- Sector externo -- Finanzas públicas -- Sector real -- Precios -- Producción
650 1 4 _aIndicadores económicos
_zColombia
_96906
650 2 4 _aEstadísticas monetarias
_zColombia
_96909
650 2 4 _aEstadísticas de producción
_zColombia
_96910
650 2 4 _aSalarios
_zColombia
_96911
650 2 4 _a Indices de precios
_zColombia
_96912
942 _2ddc
_cBK
999 _c5603
_d5603